000 00427nam a22001697a 4500
005 20180820161746.0
008 160524b xxu||||| |||| 00| 0 eng d
020 _a81-7493-697-1
041 _aeng
082 _b4603
_a658.4012
100 _aSrivastava, R.
_91140
245 _aManagement Policy and Strategic Mgt.
260 _aNew Delhi
_bAcademic Faundation
300 _a861p,
650 _aManagement
_9241
942 _cBK
999 _c1546
_d1545